000 00988nam a2200241 a 4500
005 20091211142113.0
008 050809s2006 nyua b 000 1 eng
020 _a9780375846670
_c100.00
037 _bBlueberry Books
040 _adpl
_bEnglish
082 _aS
100 _aGreenburg, J. C.
_q(Judith C.)
245 _aIn the desert /
_cby J.C. Greenburg ; illustrated by Jan Gerardi
260 _aNew York
_bRandom House
_c2008
300 _a83 p.:
_bill.
_c20 cm(pbk)
490 _aAndrew lost ;
_v17
500 _a"A Stepping Stone book."
520 _aAndrew, his cousin Judy, and Thudd the robot wind up at a garbage dump when Andrew's latest invention, the Goa Constrictor, shrinks them to the size of beetles and swallows them.
700 _aGerardi, Jan
942 _2ddc
_cCH
_hS
_mGRE
999 _c32555
_d32555